000 01231nam a2200265Ia 4500
999 _c52524
_d52524
001 19548
003 GE_BSU
005 20200302114018.0
008 181216s1973||||ge |||||||||||||| ||geo||
040 _cGE_BSU
041 _ageo
080 _a003.334.2 : 930 ა-20
100 _aაბულაძე, ილია
_93494
245 _aქართული წერის ნიმუშები :
_bპალეოგრაფიული ალბომი /
_cილია აბულაძე ; რედ. : ელენე მეტრეველი.
250 _aმე-2 შევს. გამოცემა
264 _aთბილისი :
_bმეცნიერება,
_c1973.
300 _a416 გვ. :
_bილ., ტაბ. ;
_c30 სმ.
500 _aწყაროები და შემოკლებანი : გვ. 333-386
541 _h6ლ.70თ.
653 _aდამწერლობა
653 _aქართული დამწერლობის ნიმუშები
653 _aქართული პალეოგრაფია
700 _aმეტრეველი, ელენე
_eრედაქტორი
_93397
942 _cBK
_2udc